Tradícia prácou uhnetená Cestami kooperácie a špecializácie:SES Tlmače

Bibliographic Details
Main Author: Stanček, Dušan (Author)
Format: Article
Language:Slovak
Subjects:

MARC

LEADER 00000nab a2200000 a 4500
001 vtls000014443
003 SK-MaSNL
005 20260303020733.0
008 111103c1978 xo 0 slo
015 |a SNBRB19rr/mm-uuuuu 
035 |a CL0024537 
040 |a SNKBUCL  |b slo  |c SNKBUCL  |e AACR2 
041 0 |a slo 
044 |a xo  |c SK 
080 |a 621.1  |2 1981 
100 1 |a Stanček, Dušan  |4 aut  |9 923405 
245 1 0 |a Tradícia prácou uhnetená  |b Cestami kooperácie a špecializácie:SES Tlmače  |c Dušan Stanček 
650 0 7 |a kotly  |2 snkbucl  |9 20560 
650 0 7 |a Slovenské energetické strojárne, Tlmače  |2 snkbucl  |9 1000950 
651 7 |a 5205  |2 snkbucl  |9 276526 
655 7 |a články z novín a časopisov  |2 snkbucl  |9 267496 
773 0 |t Pravda  |g Roč. 59, č. 301 (21. 12. 1978), s. 6 
850 |a Slovenská národná knižnica v Martine  |a MTA001 
852 |a SNK  |b KIS3GCP 
958 |a RK 
992 |a RBX 
999 |c 1619702  |d 1621632